00944nam a2200265 a 450000100060000000300080000600500170001400800410003102000150007203500140008704000230010104100080012408200260013210000340015811000220019224501120021425000120032626000500033830000240038850400510041265000330046394200120049699900170050895201530052547172BD-RjUL20211209054253.0160807s1962 pk b 001 0 eng  c: PRs 5.00 a(BD-RjUL) aDLCcDLCdDLCbeng aeng00a347.4095491bABC 1962 aAbbas, Kameruddin Bin91408101 aPakistan.914364514aThe Contract Act (IX of 1872) :bAs adapted in Pakistan and amended up-to-date /cby Kameruddin Bin Abbas a3rd ed. aLahore :bAll Pakistan Legal Decisions,c1962 ax, 213 p. ;c24 cm. aIncludes bibliographical references and index. 0aContractszPakistan.9142278 2ddccBK c47172d47172 00102ddc40708NFICaRUCLbRUCLcStackd1968-08-16eWarsi Book Corporating7.72l0o347.4095491 ABC 1962r2016-08-07 00:00:00tC-2w2016-08-07yBK